[Event "HUN-chT 1819"]
[Site "Hungary"]
[Date "2018.11.17"]
[Round "1.1"]
[White "Torma, Robert"]
[Black "Medvegy, Zoltan"]
[Result "1/2-1/2"]
[WhiteElo "2476"]
[BlackElo "2538"]
[PlyCount "77"]
[EventDate "2018.11.17"]
[EventType "team-tourn"]
[EventRounds "9"]
[EventCountry "HUN"]
[SourceTitle "CBM 187 Extra"]
[Source "ChessBase"]
[SourceDate "2018.11.04"]
[SourceVersion "1"]
[SourceVersionDate "2018.11.04"]
[SourceQuality "1"]
[WhiteTeam "DVTK"]
[BlackTeam "Aquaprofit"]
[WhiteTeamCountry "HUN"]
[BlackTeamCountry "HUN"]

1. d4 Nf6 2. Nf3 e6 3. Bf4 c5 4. e3 Be7 5. dxc5 Bxc5 6. c4 0-0 7. Nc3 d5 8. a3 dxc4 9. Bxc4 Qxd1+ 10. Rxd1 a6 11. Bd3 Nbd7 12. Ne5 Nxe5 13. Bxe5 b5 14. Ne4 Be7 15. Nxf6+ Bxf6 16. Be4 Ra7 17. Bxf6 gxf6 18. Ke2 Bd7 19. Rd6 b4 20. axb4 Rb8 21. Rhd1 Rxb4 22. Rxd7 Rxd7 23. Rxd7 Rxe4 24. Kd3 Rb4 25. Kc3 Rb6 26. b4 f5 27. f4 Kg7 28. Ra7 Kg6 29. g3 h6 30. Kb3 f6 31. Kc4 e5 32. Re7 e4 33. Rd7 Rc6+ 34. Kb3 Rc1 35. Ra7 Ra1 36. Kb2 Ra4 37. Kb3 Ra1 38. Kb2 Ra4 39. Kb3 1/2-1/2

[Event "Budapest Aranytiz GM"]
[Site "Budapest"]
[Date "2018.08.18"]
[Round "2"]
[White "Farago, Ivan"]
[Black "Torma, Robert"]
[Result "0-1"]
[WhiteElo "2379"]
[BlackElo "2457"]
[PlyCount "84"]
[EventDate "2018.08.17"]
[EventType "tourn"]
[EventRounds "9"]
[EventCountry "HUN"]
[EventCategory "8"]
[SourceTitle "CBM 186 Extra"]
[Source "ChessBase"]
[SourceDate "2018.08.24"]
[SourceVersion "1"]
[SourceVersionDate "2018.08.24"]
[SourceQuality "1"]

1. d4 f5 2. c4 Nf6 3. g3 g6 4. Bg2 Bg7 5. Nc3 0-0 6. Nf3 d6 7. 0-0 c6 8. d5 e5 9. dxe6 Bxe6 10. b3 Na6 11. Ng5 Bc8 12. Bb2 Qe7 13. e3 Bd7 14. Qc2 Rad8 15. Rad1 Nc5 16. b4 Ne6 17. Nf3 Nc7 18. Nd4 Qf7 19. Qb3 h6 20. b5 c5 21. Nde2 Be6 22. Nd5 Bxd5 23. cxd5 b6 24. Nf4 Ne4 25. Bxg7 Qxg7 26. Bxe4 fxe4 27. Ne6 Nxe6 28. dxe6 Qe7 29. Qd5 Rf6 30. Qxe4 Qxe6 31. Qc2 d5 32. Rd2 h5 33. e4 d4 34. f4 Kg7 35. e5 Rf7 36. Qe4 Qf5 37. Re1 h4 38. Qf3 Qe6 39. g4 c4 40. Rg2 h3 41. Rg3 d3 42. f5 d2 0-1

[Event "Budapest Aranytiz GM"]
[Site "Budapest"]
[Date "2018.08.17"]
[Round "1"]
[White "Vardan, Nagpal"]
[Black "Torma, Robert"]
[Result "1/2-1/2"]
[WhiteElo "2453"]
[BlackElo "2457"]
[PlyCount "61"]
[EventDate "2018.08.17"]
[EventType "tourn"]
[EventRounds "9"]
[EventCountry "HUN"]
[EventCategory "8"]
[SourceTitle "CBM 186 Extra"]
[Source "ChessBase"]
[SourceDate "2018.08.24"]
[SourceVersion "1"]
[SourceVersionDate "2018.08.24"]
[SourceQuality "1"]

1. d4 Nf6 2. Nf3 d5 3. Bf4 c5 4. e3 Nc6 5. Nbd2 Bf5 6. dxc5 Bg4 7. Be2 e6 8. a3 Bxc5 9. b4 Bd6 10. Bxd6 Qxd6 11. c4 b6 12. cxd5 exd5 13. Bb5 0-0 14. Bxc6 Qxc6 15. 0-0 Qc3 16. Qb3 Rac8 17. Qxc3 Rxc3 18. Nd4 Bd7 19. a4 a5 20. Rfb1 Ne4 21. Nxe4 dxe4 22. h3 Rc4 23. b5 Rfc8 24. Kh2 Kf8 25. Kg3 R8c5 26. Ra2 Rg5+ 27. Kh2 Rd5 28. Rbb2 Ke7 29. Rd2 Kd6 30. Kg3 Ke5 31. Rd1 1/2-1/2

[Event "HUN-chT 1718"]
[Site "Hungary"]
[Date "2018.05.06"]
[Round "9.10"]
[White "Szamoskozi, Gabor"]
[Black "Torma, Robert"]
[Result "0-1"]
[WhiteElo "2297"]
[BlackElo "2484"]
[PlyCount "264"]
[EventDate "2017.11.25"]
[EventType "team-tourn"]
[EventRounds "9"]
[EventCountry "HUN"]
[SourceTitle "EXT 2019"]
[Source "ChessBase"]
[SourceDate "2018.10.10"]
[SourceVersion "1"]
[SourceVersionDate "2018.10.10"]
[SourceQuality "1"]
[WhiteTeam "Penzugyor"]
[BlackTeam "DVTK"]
[WhiteTeamCountry "HUN"]
[BlackTeamCountry "HUN"]

1. e4 c5 2. Nf3 e6 3. d4 cxd4 4. Nxd4 Nc6 5. Nc3 Qc7 6. Be2 a6 7. Be3 Nf6 8. 0-0 Be7 9. f4 d6 10. Kh1 0-0 11. Qe1 Nxd4 12. Bxd4 b5 13. a3 Bb7 14. Qg3 Rad8 15. Rae1 Bc6 16. Bd3 Qd7 17. Nd1 g6 18. Nf2 Nh5 19. Qe3 f6 20. Bc3 e5 21. fxe5 dxe5 22. Ba5 Rc8 23. Rd1 Qe6 24. Be2 Nf4 25. Bf3 Qc4 26. Nd3 Qxc2 27. Nxf4 exf4 28. Qxf4 Qxb2 29. Bb4 Bxb4 30. axb4 Qxb4 31. Rd6 g5 32. Qg3 Bxe4 33. Bxe4 Qxe4 34. Rxa6 Qf4 35. Qe1 Qe5 36. Qb1 Rf7 37. h3 Rb8 38. Rf5 Qc3 39. Rxb5 Rxb5 40. Qxb5 Qc1+ 41. Kh2 Qf4+ 42. Kh1 Rc7 43. Ra1 Rc1+ 44. Rxc1 Qxc1+ 45. Kh2 Qc7+ 46. Kh1 Qe5 47. Qd7 h5 48. Kg1 Qe4 49. Kh2 Kf8 50. Qd1 Qe8 51. Qf3 Kg7 52. Qb7+ Kh6 53. Qb3 Qe5+ 54. Kh1 g4 55. hxg4 hxg4 56. g3 Kg7 57. Qb7+ Kg6 58. Qb3 Kf5 59. Kh2 Qe2+ 60. Kg1 Qd2 61. Qb1+ Ke5 62. Qb5+ Ke4 63. Qc6+ Qd5 64. Qc2+ Ke5 65. Qc7+ Qd6 66. Qa5+ Ke6 67. Qa2+ Qd5 68. Qe2+ Kf5 69. Qc2+ Ke5 70. Qc7+ Ke6 71. Qc8+ Qd7 72. Qc4+ Kf5 73. Qf4+ Kg6 74. Qe4+ f5 75. Qe5 Kf7 76. Kf2 Qd2+ 77. Kg1 Qd1+ 78. Kh2 Qc2+ 79. Kg1 Qe4 80. Qd6 Qe6 81. Qf4 Qd5 82. Qc7+ Ke6 83. Qb6+ Ke5 84. Qe3+ Kd6 85. Qb6+ Qc6 86. Qd4+ Kc7 87. Qa7+ Kc8 88. Qe3 Kb7 89. Kf2 Qc2+ 90. Kg1 Qe4 91. Kf2 Kc6 92. Qc3+ Kd5 93. Qa5+ Ke6 94. Qb6+ Kd7 95. Qa7+ Kd6 96. Qb6+ Qc6 97. Qd4+ Ke6 98. Qe3+ Qe4 99. Qb6+ Kf7 100. Qc7+ Kf6 101. Qd6+ Qe6 102. Qd8+ Kg6 103. Qc7 Qa2+ 104. Kg1 Qd5 105. Qb6+ Kf7 106. Qe3 Kf6 107. Kf2 Qa2+ 108. Kg1 Qb1+ 109. Kf2 Qc2+ 110. Kg1 Qe4 111. Qb6+ Ke5 112. Qc5+ Ke6 113. Qb6+ Kd5 114. Qd8+ Kc4 115. Qb8 Kc3 116. Kf2 Qd4+ 117. Kg2 Kd2 118. Qc7 Ke3 119. Kh2 Qd2+ 120. Kh1 Kf3 121. Qb7+ Kxg3 122. Qb3+ Kf2 123. Qb6+ Qe3 124. Qb2+ Kf3 125. Qg2+ Kf4 126. Qg3+ Ke4 127. Qd6 Qd4 128. Qe6+ Kf4 129. Qh6+ Kf3 130. Qc1 Qe4 131. Qg1 Ke2+ 132. Kh2 Qf4+ 0-1

[Event "Budapest Spring op"]
[Site "Budapest"]
[Date "2018.04.25"]
[Round "8"]
[White "Torma, Robert"]
[Black "Spalir, Jernej"]
[Result "1/2-1/2"]
[WhiteElo "2473"]
[BlackElo "2363"]
[PlyCount "147"]
[EventDate "2018.04.18"]
[EventType "swiss"]
[EventRounds "9"]
[EventCountry "HUN"]
[SourceTitle "CBM 184 Extra"]
[Source "ChessBase"]
[SourceDate "2018.06.28"]
[SourceVersion "1"]
[SourceVersionDate "2018.06.28"]
[SourceQuality "1"]

1. d4 d5 2. c4 c6 3. cxd5 cxd5 4. Bf4 Nc6 5. e3 Nf6 6. Nc3 a6 7. Be2 Bf5 8. Nf3 e6 9. Qb3 Bb4 10. Ne5 Qe7 11. Nxc6 bxc6 12. 0-0 0-0 13. Rfc1 Rfc8 14. Na4 Nd7 15. Qd1 f6 16. Bg3 e5 17. a3 Bd6 18. dxe5 Bxe5 19. Bd3 Be6 20. Qc2 h6 21. e4 Bxg3 22. hxg3 dxe4 23. Bxe4 Rab8 24. Re1 Qf7 25. Bg6 Qe7 26. Bd3 Ne5 27. Bxa6 Bb3 28. Qc5 Re8 29. Qxe7 Rxe7 30. Nc5 Kf8 31. Re3 Bd5 32. f4 Nd7 33. Rxe7 Kxe7 34. Nxd7 Kxd7 35. b4 Re8 36. Kf2 Kd6 37. Bf1 Rb8 38. Rc1 g5 39. Be2 Ra8 40. Rc3 Ra7 41. Rd3 Ke6 42. Bf3 Bxf3 43. Kxf3 f5 44. Ke3 Rg7 45. Kd4 gxf4 46. gxf4 Rxg2 47. Kc5 Rc2+ 48. Kb6 Rc4 49. Rh3 Kd5 50. Rxh6 c5 51. b5 Ra4 52. Rh3 c4 53. Kc7 Ra5 54. b6 Rc5+ 55. Kd7 Rb5 56. Rh6 c3 57. Rd6+ Ke4 58. Rc6 Rb3 59. a4 c2 60. Kc7 Kd3 61. b7 Rc3 62. Rxc3+ Kxc3 63. b8Q c1Q 64. Kb7 Qb2+ 65. Ka8 Qg2+ 66. Qb7 Qe4 67. a5 Qxf4 68. a6 Qd6 69. Qc8+ Kd2 70. Qc4 f4 71. a7 f3 72. Kb7 Qd7+ 73. Qc7 Qxc7+ 74. Kxc7 1/2-1/2

[Event "Budapest Spring op"]
[Site "Budapest"]
[Date "2018.04.21"]
[Round "4"]
[White "Torma, Robert"]
[Black "Molchanov, Alexey"]
[Result "1-0"]
[WhiteElo "2473"]
[BlackElo "2357"]
[PlyCount "83"]
[EventDate "2018.04.18"]
[EventType "swiss"]
[EventRounds "9"]
[EventCountry "HUN"]
[SourceTitle "CBM 184 Extra"]
[Source "ChessBase"]
[SourceDate "2018.06.28"]
[SourceVersion "1"]
[SourceVersionDate "2018.06.28"]
[SourceQuality "1"]

1. d4 d5 2. c4 e6 3. Nf3 Nf6 4. g3 dxc4 5. Bg2 a6 6. 0-0 Nc6 7. Bg5 Be7 8. e3 Rb8 9. Nfd2 h6 10. Bxf6 Bxf6 11. Nxc4 0-0 12. Nc3 Nb4 13. Qb3 Be7 14. Ne5 a5 15. a3 Na6 16. Rfd1 Qe8 17. Rac1 c5 18. dxc5 f6 19. Nd3 Nxc5 20. Nxc5 Bxc5 21. Na4 Ba7 22. Nb6 Bxb6 23. Qxb6 Ra8 24. Rc7 Kh8 25. Qc5 e5 26. Bxb7 Bxb7 27. Rxb7 a4 28. Rdd7 Qg6 29. Rxg7 Qxg7 30. Rxg7 Kxg7 31. h4 h5 32. Qc2 Kh6 33. Kg2 Ra6 34. Qc4 Rb6 35. Qxa4 Rxb2 36. Qc6 Kg6 37. Qe4+ Kh6 38. Qf5 Ra2 39. g4 hxg4 40. h5 Kg7 41. Qg6+ Kh8 42. h6 1-0